SAT Words HARD Click Quiz - I #2 - Statistics

General Stats
  • This quiz has been taken 245 times
  • The average score is 10 of 15
Answer Stats
Hint Answer % Correct
Excessive admiration or devotion Idolatry
88%
Travel from place to place, especially for work Itinerate
87%
Inspire or permeate with a feeling or quality; endow Imbue
83%
Persisting tirelessly Indefatigable
83%
Peculiar to a particular language or dialect Idiomatic
80%
Mythical fluid in gods' veins; or, a watery or blood-tinged discharge Ichor
74%
Lacking flavour; dull Insipid
74%
Not showing respect or reverence; blasphemous Impious
72%
Challenge the truth or integrity of something Impugn
71%
Academic citation that means "in the same place" Ibidem
67%
Region considered to be part of a national homeland but is controlled by another state Irredenta
58%
Lay guilt upon; accuse, blame Inculpate
57%
Hard to control or deal with; stubborn Intractable
56%
Impossible to resist; inevitable Ineluctable
50%
Impossible to refute or deny; incontestable Irrefragable
48%
No matching quizzes found
Score Distribution
Percent of People with Each Score
Percentile by Number Answered
Your Score History
You have not taken this quiz